Piłkarska kariera Roberto Carlosa. - Statystyki

Ogólne statystyki
  • Ten quiz został rozwiązany 87 razy
  • Średni wynik to 2 z 9
Statystyki odpowiedzi
Lata Drużyna % Poprawnych
1996-2007 Real Madryt
100%
1995-1996 Inter
47%
2010-2011 Corinthians
27%
2011-2012 Anży Machaczkała
24%
2007-2010 Fenerbahce
24%
1993-1995 Palmeiras
11%
1992-1993 Atletico Mineiro
8%
2015-2016 Delhi Dynamos
3%
? Uniao Sao Joao
3%
Nie znaleziono quizów pasujących do podanych kryteriów
Rozkład punktacji
Procent ludzi z każdym wynikiem
Percentyl według liczby udzielonych odpowiedzi
Twoja historia wyników
Nie rozwiązałeś tego quizu